<?xml version="1.0" encoding="UTF-8"?>
<marc:record xmlns:marc="http://www.loc.gov/MARC21/slim">
   <marc:leader>00000nam a2200000 a 4500</marc:leader>
   <marc:datafield ind1="1" ind2=" " tag="100">
      <marc:subfield code="a">Dzengel, Claudia</marc:subfield>
      <marc:subfield code="4">aut</marc:subfield>
      <marc:subfield code="e">Verfasser/-in</marc:subfield>
   </marc:datafield>
   <marc:datafield ind1="0" ind2="0" tag="245">
      <marc:subfield code="a">Kalligrafie und kreatives Schreiben für Kinder</marc:subfield>
   </marc:datafield>
   <marc:datafield ind1="0" ind2="0" tag="245">
      <marc:subfield code="c">Claudia Dzengel</marc:subfield>
   </marc:datafield>
   <marc:datafield ind1=" " ind2="1" tag="264">
      <marc:subfield code="a">Wien</marc:subfield>
      <marc:subfield code="b">G &amp; G</marc:subfield>
      <marc:subfield code="c">2013</marc:subfield>
   </marc:datafield>
   <marc:datafield ind1=" " ind2=" " tag="250">
      <marc:subfield code="a">1. Aufl.</marc:subfield>
   </marc:datafield>
   <marc:datafield ind1="1" ind2=" " tag="520">
      <marc:subfield code="a">In diesem künstlerischen Kinderbuch erzählen Ida und Enno, 10 und 12 Jahre alt, von ihrer Leidenschaft, dem Experimentieren mit Schrift. Gemeinsam mit ihrer Mutter, einer Kalligrafin, stellen sie 20 Übungen vor, die schrift-interessierte Kinder ab 10 Jahren einladen, lebendige Schriftbilder zu gestalten. Durch die Verbindung von traditionellen Formen und eigenem kreativen Ausdruck werden sie ihre Handschrift neu entdecken. Dabei steht das Schreiben zwar im Vordergrund, die Lesbarkeit ist aber nicht das oberste Prinzip! Neben kreativen Schreib-Ideen gibt es Informationen zur Geschichte der Schrift, zu verschiedenen Schreib-Werkzeugen und einen Beitrag zur Bedeutung der Schreibschrift des weltweit bekannten Kalligrafen Gottfried Pott. (Verlagstext)</marc:subfield>
   </marc:datafield>
   <marc:datafield ind1=" " ind2=" " tag="020">
      <marc:subfield code="a">9783707415759</marc:subfield>
      <marc:subfield code="9">9783707415759</marc:subfield>
   </marc:datafield>
   <marc:datafield ind1=" " ind2=" " tag="020">
      <marc:subfield code="a">3707415759</marc:subfield>
      <marc:subfield code="9">3707415759</marc:subfield>
   </marc:datafield>
   <marc:datafield ind1=" " ind2=" " tag="300">
      <marc:subfield code="a">45 S.</marc:subfield>
   </marc:datafield>
</marc:record>
